00379nam a2200145Ia 4500008004100000020001500041041001200056082001100068100001800079245006700097260003600164300000800200650000700208700001800215221030s9999 xx 000 0 und d a8121924375 aEnglish a105.23 aB. L. Theraja 2aA Text Book of Electrical Technology Vol. IIbAC & DC Machines bS. Chand & Co.aNew Delhic2008 a704 aEE aA. K. Theraja